000 00747nam a2200241 i 4500
001 bg
100 1 _aBORKOWSKI, Lech S.
245 0 0 _aJęzyki skryptowe /
_cLech S. Borkowski ; Uniwersytet im. Adama Mickiewicza.
260 _aPoznań :
_bWydawnictwo Naukowe UAM,
_c2006.
300 _a316, [1] s. ;
_c24 cm.
504 _aBibliogr.
650 9 _aJęzyki programowania
650 9 _aProgramowanie (informat.)
655 _aPodręczniki akademickie
020 _a8323215820
040 _cBPK
041 0 _apol
080 _a004.438(075.8)
920 _a83-232-1582-0
942 _cKS
008 s pl f |000 0 pol
999 _c52339
_d52339
856 _uhttp://koha.tu.koszalin.pl/cgi-bin/koha/opac-detail.pl?biblionumber=52339
_yKatalog online BPK